000 00289nam a2200097 a 4500
005 20201002045918.0
008 150205s2004 000 spa d
245 0 _aParques Nacionales en la República Dominicana.
260 _aSanto Domingo, República Dominicana,
_c[s.f.].
999 _c44629
_d44629
040 _aDO-SdBNP